000 00230nam a2200109Ia 4500
008 190216s9999||||xx |||||||||||||| ||und||
100 _aJain Sp
245 0 _aCost Accounting
260 _bNull
_c1974
300 _a1678p
942 _cBK
999 _c4219
_d4219